Estatísticas para estados brasileiros

Clique aqui para jogar o quiz

Estatísticas Gerais

  • Esse quiz foi jogado 38 vezes
  • A pontuação média é 23 de 27

Estatísticas das Respostas

Respostas% Correto
Rio de Janeiro
100%
Amapá
97%
Amazonas
97%
Pará
97%
São Paulo
97%
Mato Grosso
94%
Mato Grosso do Sul
94%
Rio Grande do Norte
94%
Rio Grande do Sul
94%
Acre
88%
Espirito Santo
88%
Minas Gerais
88%
Paraná
88%
Bahia
85%
Pernambuco
85%
Ceará
82%
Goiás
82%
Santa Catarina
82%
Tocantins
82%
Alagoas
79%
Maranhão
79%
Paraíba
79%
Rondônia
79%
Roraima
79%
Piauí
76%
Sergipe
73%
Distrito Federal
70%

Distribuição das Pontuações

Percentil de Números Respondidos

Porcentagem de Pessoas com Cada Pontuação

Sua Pontuação Histórica

Você não jogou esse quiz